Estabilización de taludes y obras de retención con pilotes de madera

Furkejuvvon:
Bibliográfalaš dieđut
Váldodahkki: Ibáñez Palomo, Grettel
Materiálatiipa: Girji
Almmustuhtton: San José, C.R 1998
Fáttát:
Fáddágilkorat: Lasit fáddágilkoriid
Eai fáddágilkorat, Lasit vuosttaš fáddágilkora!

MARC

LEADER 00000nam a2200000Ia 4500
003 008547
005 20221231144220.0
008 140114s1998 cr a m 000 ||s d
040 |c cru CEDI 
090 |a TFG 3894 
100 |a Ibáñez Palomo, Grettel  |9 8878 
245 |a Estabilización de taludes y obras de retención con pilotes de madera 
260 |c 1998  |a  San José, C.R 
300 |a  120 hojas : ilustraciones (algunas a color)  
500 |a  Proyecto de graduación (licenciatura en ingeniería civil)--Universidad de Costa Rica. Facultad de Ingeniería. Escuela de Ingeniería Civil 
650 |x TALUDES (MECANICA DE SUELOS)   |x DESPRENDIMIENTOS DE TIERRAS   |x EROSION  |9 1664 
942 |c TFG 
999 |c 18571  |d 18571